Divine Word and Prophetic Word in Early Islam (Record no. 6552)

MARC details
000 -LEADER
fixed length control field 00650nam a2200253 a 4500
020 ## - INTERNATIONAL STANDARD BOOK NUMBER
ISBN
082 00 - DEWEY DECIMAL CLASSIFICATION NUMBER
Classification number 297.124
Author Cutter GRA
100 ## - MAIN ENTRY--AUTHOR NAME
Author name Graham, William
245 ## - TITLE STATEMENT
Title Divine Word and Prophetic Word in Early Islam
260 ## - PUBLICATION, DISTRIBUTION, ETC. (IMPRINT)
Place of publication Hague
Name of publisher Mouton Publisher
Year of publication 1977
300 ## - PHYSICAL DESCRIPTION
Number of Pages 266p
500 ## - GENERAL NOTE
General note includes index and biblioraphy
505 2# - FORMATTED CONTENTS NOTE
Formatted contents note Index of Names, Index of Subjects
650 ## - SUBJECT ADDED ENTRY--TOPICAL TERM
Topical Term Hadith-Qudsi
650 ## - SUBJECT ADDED ENTRY--TOPICAL TERM
Topical Term Hadith-Evidences
942 ## - ADDED ENTRY ELEMENTS (KOHA)
Koha item type Books
700 1# -
-- Graham, William
Holdings
Collection code Home library Current library Date acquired Cost, normal purchase price Full call number Accession Number Koha item type
  Henry Martyn Institute Library Henry Martyn Institute Library 08/07/2007 292.40 297.124 GRA 010710 Books
                   Copyright © 2026 | Henry Martyn Institute | Hyderabad | TS-500052 | INDIA | Implemented by hmi.edu.in
Hit-Count:

Powered by Koha